000 00628nam a2200229Ia 4500
003 OSt
005 20220924114352.0
006 a|||||r|||| 00| 0
007 ta
008 220923b |||||||| |||| 00| 0 ara d
024 _a345103
037 _cTextual
040 _aARTS
_cARTS
_bara
041 _2ara
_aara
082 _aV467:1.N2, 28F7
100 _aAzmi Ali Zareef Au.
_9173208
245 0 _aMukhtasar tareekh al-basarh
260 _aBaghdad
_bMatba al-firat
_c1927
650 _aIRAQ - HISTORY
942 _hV467:1.N2, 28F7
_cTEXL
_2CC
999 _c393232
_d393232